000 00520nam a2200181Ia 4500
003 GCL
008 140319s9999 xx 000 0 ara d
040 _aGCL /
_cGCL
082 0 4 _a219.3
_bم د
100 1 _aمحمود الشرقاوى
245 1 0 _aالدين والدولة العصرية /
_cمحمود الشرقاوى
260 _a[S.N] :
_bالشعب
300 _a139 ص
490 _a
650 0 4 _aالاسلام
650 0 4 _aالاسلام وحركات الاصلاح والتجدي
942 _2ddc
_cBK
999 _c34712
_d34712